000 00611nam a22002177a 4500
003 DO-SdBNP
005 20220607094405.0
007 ta
008 110301s2021 dr 000 0 spa d
020 _a9789945930115
040 _aDO-SdBNP
_bspa
_cBNPHU
082 4 _bR696q
_222
100 1 _aRodríguez Ramírez, Nicolás
_953018
245 1 0 _a500 colmos militares /
_cNicolás Rodríguez Ramírez
246 1 0 _aQuinientos colmos militares /
260 _aSanto Domingo :
_bLuz de Luna,
_c2021.
300 _a151 p. :
_c21 cm.
590 _aInventariado, 2022/ YL
910 _aYLockward
942 _2ddc
_cLBS1
999 _c51918
_d51918